Normal view
MARC view
Entry Nombre personal
001 - NÚMERO DE CONTROL
- campo de control: 28342
003 - IDENTIFICADOR DEL NÚMERO DE CONTROL
- campo de control: FranzMayer
005 - FECHA Y HORA DE LA ÚLTIMA TRANSACCIÓN
- campo de control: 20190828123745.0
008 - DATOS DE LONGITUD FIJA
- campo de control de longitud fija: 190828|| aca||aabn | a|a d
040 ## - FUENTE DE LA CATALOGACIÓN
- Centro catalogador/agencia de origen: FranzMayer
- Centro/agencia transcriptor: FranzMayer
100 ## - ENCABEZAMIENTO-NOMBRE DE PERSONA
- Nombre de persona: Altamirano Portocarrero, Gregorio
670 ## - FUENTE DE DATOS ENCONTRADOS
- Cita de la fuente: Work cat.: (FranzMayer): Al señor D. Gregorio Altamirano Portocarrero, cavallero de la Orden de Santiago, de el Consejo de su Magestad en el de Hazienda y su contaduría mayor, contador mayor de la orden, y cavallería de Alcantara, &c.